Banking in transition economies : developing market oriented banking sectors in Eastern Europe /

Bibliographic Details
Other Authors: Bonin, John
Format: Book
Language:English
Published: Cheltenham ; Northampton, MA, USA : Edward Elgar Pub., [1998]
Subjects:

MARC

Tag First Indicator Second Indicator Subfields
LEADER 00000cam a2200000 a 4500
001 in00001406433
005 20151020072659.0
008 970915s1998 enk b 001 0 eng
010 |a  97041480  
015 |a GB98-7892 
019 |a 38336540 
020 |a 1858986044 
035 |a (OCoLC)37695715 
035 |9 AHQ3368AM 
040 |a DLC  |c DLC  |d C#P  |d UKM  |d TXA  |d UtOrBLW 
043 |a ee-----  |a ec----- 
049 |a TXAM 
050 0 0 |a HG2980.7.A6  |b B362 1998 
082 0 0 |a 332.1/0947  |2 21 
245 0 0 |a Banking in transition economies :  |b developing market oriented banking sectors in Eastern Europe /  |c John Bonin [and others]. 
246 3 0 |a Developing market oriented banking sectors in Eastern Europe 
264 1 |a Cheltenham ;  |a Northampton, MA, USA :  |b Edward Elgar Pub.,  |c [1998] 
264 4 |c ©1998 
300 |a xii, 195 pages ;  |c 24 cm. 
336 |a text  |b txt  |2 rdacontent 
337 |a unmediated  |b n  |2 rdamedia 
338 |a volume  |b nc  |2 rdacarrier 
504 |a Includes bibliographical references and index. 
650 0 |a Banks and banking  |z Europe, Eastern. 
650 0 |a Banks and banking  |z Europe, Central. 
651 0 |a Europe, Eastern  |x Economic policy  |y 1989- 
651 0 |a Europe, Central  |x Economic policy. 
650 0 |a Post-communism  |z Europe, Eastern. 
650 0 |a Post-communism  |z Europe, Central. 
700 1 |a Bonin, John. 
948 |a C:BLW  |d 20030615 
999 |a MARS 
999 f f |s c0ad7a34-f503-3fda-a98c-c0c4c1acf3df  |i 2ea0f7d2-6701-396b-ac13-a43a3ed838cc  |t 0 
952 f f |p ric  |a Texas A&M University  |b Rellis Campus  |c Joint Library Facility  |d Remote Storage  |t 0  |e HG2980.7.A6 B362 1998  |h Library of Congress classification  |i unmediated -- volume  |m A14822549140 
998 f f |a HG2980.7.A6 B362 1998  |t 0  |l Remote Storage